00667nam a22002057a 450000500170000001000150001702000260003203500140005803700090007208200060008110000240008724500550011125000060016626000300017227000400020230000270024294200200026999900190028995201530030820260615163657.0 aENG-148851 a9789395485616c335.00 aEN-132383 bDBAD aN aMathews, VJ 989256 aCheck!/cVJ Mathews [and] Edited by Mathew Jackson a1 aKeralabCosmo Booksc2024 bKeralamcosmobooks@asianetindia.com a188p.bIndexc22cm(pb) 2ddccENhNmMAT c216669d216669 001040718FICaDBADbDBADd2026-06-15eDelivery of Books Act Divisiong335.00l0oN MATpEN-132383r2026-06-15 16:37:22t1v335.00w2026-06-15yEN